LEADER 01235nam 2200397 450 001 9910734396103321 005 20230719085025.0 010 $a3-95650-694-4 024 7 $a10.5771/9783956506949 035 $a(CKB)4100000010557295 035 $a(NjHacI)994100000010557295 035 $a(EXLCZ)994100000010557295 100 $a20230719d2006 uy 0 101 0 $atur 135 $aur||||||||||| 181 $ctxt$2rdacontent 182 $cc$2rdamedia 183 $acr$2rdacarrier 200 10$aTu?rkistan Kaygisi /$fAlihan To?re Saguni 210 1$aBaden-Baden :$cErgon - ein Verlag in der Nomos Verlagsgesellschaft,$d2006. 215 $a1 online resource (356 pages) 225 1 $aIstanbuler Texte und Studien ;$vBand 5 311 $a3-89913-529-6 410 0$aIstanbuler Texte und Studien ;$vBand 5. 606 $aTurkic peoples$zAsia, Central$xHistory 606 $aCivilization, Turkic 615 0$aTurkic peoples$xHistory. 615 0$aCivilization, Turkic. 676 $a909.04943 700 $aS?aguni?$b Alihan To?re$f1885-1976,$01373708 801 0$bNjHacI 801 1$bNjHacl 906 $aBOOK 912 $a9910734396103321 996 $aTu?rkistan Kaygisi$93404774 997 $aUNINA LEADER 02458nam 22004092 450 001 9910806875803321 005 20191205144626.0 010 $a1-78330-425-1 035 $a(CKB)4100000009743020 035 $a(UkCbUP)CR9781783304257 035 $a(MiAaPQ)EBC6031674 035 $a(EXLCZ)994100000009743020 100 $a20191101d2019|||| uy| 0 101 0 $aeng 135 $aur||||||||||| 181 $ctxt$2rdacontent 182 $cc$2rdamedia 183 $acr$2rdacarrier 200 10$aCopyright $einterpreting the law for libraries, archives and information services /$fGraham P. Cornish$b[electronic resource] 205 $aRevised sixth edition. 210 1$aLondon :$cFacet,$d2019. 215 $a1 online resource (xviii, 201 pages) $cdigital, PDF file(s) 300 $aTitle from publisher's bibliographic system (viewed on 20 Nov 2019). 311 $a1-78330-423-5 330 $aCopyright' is the standard work in its field and is indispensable for all librarians and information professionals and who are looking for solutions to their copyright problems. The book explains the provisions of the UK Copyright Act and supporting legislation in quick and easy question-and-answer form. This revised edition is fully updated to take into account of all the changes that have come into force since the 6th edition was published in 2015. All types of material that may attract copyright are considered, including: literary, dramatic and musical works artistic works sound recordings films and video broadcast databases computer programs and websites. The text is amplified by the use of practical examples to illustrate complex points and complemented by a detailed index that enables the enquirer to pinpoint topics and proposed action quickly and accurately. The appendices provide helpful lists of addresses and selected further sources of information. This book will be invaluable for all librarians, information professionals and students who are looking for solutions to their copyright problems. 606 $aCopyright$zGreat Britain$vMiscellanea 606 $aPublic lending rights (of authors)$zGreat Britain$vMiscellanea 615 0$aCopyright 615 0$aPublic lending rights (of authors) 676 $a346.4104/82 700 $aCornish$b G. P.$01665025 801 0$bUkCbUP 801 1$bUkCbUP 906 $aBOOK 912 $a9910806875803321 996 $aCopyright$94023429 997 $aUNINA LEADER 09241nam 22009255 450 001 9910557707603321 005 20240222202904.0 010 $a9788366675193 010 $a836667519X 024 7 $a10.2478/9788366675193 035 $a(CKB)5400000000002156 035 $a(DE-B1597)573084 035 $a(DE-B1597)9788366675193 035 $a(oapen)https://directory.doabooks.org/handle/20.500.12854/69825 035 $a(ScCtBLL)63eb0559-2d25-4259-91b4-d5fc971db4a6 035 $a(oapen)doab69825 035 $a(EXLCZ)995400000000002156 100 $a20210225h20212020 fg 101 0 $aeng 135 $aur||#|||||||| 181 $ctxt$2rdacontent 182 $cc$2rdamedia 183 $acr$2rdacarrier 200 00$aArt and Research - Contemporary Challenges /$fAnca Doina Ciobotaru, George Enescu 210 $cDe Gruyter$d2020 210 1$aWarsaw ;$aBerlin :$cSciendo,$d[2021] 210 4$d©2020 215 $a1 online resource 327 $tFrontmatter --$tCONTENT --$tTHEATRE STUDIES --$tKnowledge - Creativity - Action --$tThe Impact Of Technology In Reshaping Artistic Education --$tTheatre Criticism and Its Recipients --$tSociological Research On Cultural Consumption Practices --$tWhen The Puppets Tell The Concentrationary Inferno. Eldorado Terezín (Rodéo D'âme, 2017) And Kamp (Modern Hotel, 2005) --$tTheatrical Research and the Limits of Interdisciplinarity --$tActor's Art in Support of General Education --$tFeedback Effect And Its Applications In The Art Of Stage Speech --$tWho, What, Why, Where, And How Is The Clown Today? --$tClown-Inspired Elements Present In Everyday Clothing --$tClow-Related Items Inserted In The Romanian Shows --$tContemporary Aspects Of Dance Theory --$tSamuel Beckett And The Temptation Of Direction --$tArtificial Intelligence - Competitive Identity Of The Research Of The Future --$tMUSIC STUDIES --$tThe Autonomy Of The Aesthetic Dimension In The Romanian Musical Works Of The Decade 1980-1990. Pascal Bentoiu And His Generation --$tSocialist And Post-Socialist Histories Reflected In The Recent Past Of The Philharmonic In Bucharest --$tSound and the Acoustic Model: Capacities of Multimedia Usage --$tContemporary Perspectives On The Multi-Part Sonata R. 64 By Antonio Soler --$tString Concerto nr.2 by Sigismund Todu?? between the neobaroque and the contemporary styles --$tFuzzy Sets and the techniques of Development in L. van Beethoven's Piano Sonata nr. 8 in C minor --$tA Contemporary Approach to Music Instrumentation --$tElements of Modernity in the Piano Sonata by Anton Zeman --$tCharacteristics Of Symphonic Jazz --$tMusic Issues in Historical Films --$tQueen Elisabeth of Romania: her contribution to Romanian music and her relationship with important musicians of the time --$tFINE ARTS STUDIES --$tDorin Baba. Art and research --$tPost-Medium Condition In Contemporary Art. Post-Medium Aspects In Photographic And Pictorial Images --$tCultural Memory Within The User Experience: From The Past To An Interface Of The Future --$tReiterating the Message in Graffiti Art --$tA Fashion Hermeneutic 330 $aIn the artistic / vocational academic education field, a phrase like "scientific research" generates several controversies; however, they can be the roots of interdisciplinary approaches, through which to build bridges between concern and research. The conference "Art and Research - contemporary challenges" aims, also through the published volume, to disseminate the results of research undertaken within the project Art and research - contemporary challenges (CNFIS-FDI-2020-0537). Held between the Doctoral Schools and Research Centers of George Enescu National University of Arts, from Iasi, the conference addresses doctoral students and doctoral coordinators, as well as all university teachers or masters interested in the topic of art interdisciplinarity, use of creative methods and critical tools. Three directions are pursued, namely Theater, Music and Visual Arts, out of the desire to find both common points and to create the possibility for young researchers to meet, to know the directions and concerns in the field of arts research and to realize on future teams. Both the Conference and the resulting volume of articles are aimed at international openness, being published on international databases. Therefore, the impact would be important and not limited to the local perimeter. Editorial Board List Editor-in-ChiefProfessor PhD habil. Anca Doina Ciobotaru, George Enescu National University of Arts, Ia?i, Romania Managing EditorLecturer PhD habil Ioana Petcu, George Enescu National University of Arts, Ia?i, Romania Editorial Advisory BoardProfessor PhD Laura Vasliu, George Enescu National University of Arts, Ia?i, RomaniaProfessor PhD Leonard Dumitriu, George Enescu National University of Arts, Ia?i, RomaniaProfessor PhD Aurelian B?l?i??, George Enescu National University of Arts, Ia?i, RomaniaAssociate Professor Monica Pop, George Enescu National University of Arts, Ia?i, RomaniaLecturer PhD habil C?lin Ciobotari, George Enescu National University of Arts, Ia?i, RomaniaLecturer PhD habil Adrian Stoleriu, George Enescu National University of Arts, Ia?i, Romania EditorsAssociate professor PhD Raluca Bujoreanu-Hu?anu, George Enescu National University of Arts, Ia?i, RomaniaAssociate Professor PhD Loredana Ia?e?en, George Enescu National University of Arts, Ia?i, RomaniaAssociate professor PhD Ecaterina Marghidan, George Enescu National University of Arts, Ia?i, RomaniaLanguage EditorsUniversum Translation Services Technical EditorsLecturer PhD Bgdan Anghel, George Enescu National University of Arts, Ia?i, RomaniaPhD student Carmen Antochi, George Enescu National University of Arts, Ia?i, RomaniaPhD student Andreea Chiril?, George Enescu National University of Arts, Ia?i, Romania 606 $aART / General$2bisacsh 610 $aArts 610 $aCultural Studies 610 $aGenres and Media in Cultural Studies 610 $aGeneral Genre and Media Studies 610 $aMusic, 610 $aVisual Arts 610 $aPhotography 615 7$aART / General. 700 $aCiobotaru$b Anca Doina$4edt$01592793 702 $aAvram$b Cristi$4ctb$4https://id.loc.gov/vocabulary/relators/ctb 702 $aBandac$b Alexandra$4ctb$4https://id.loc.gov/vocabulary/relators/ctb 702 $aBejan$b Petru$4ctb$4https://id.loc.gov/vocabulary/relators/ctb 702 $aCamp?u$b Elisabeta$4ctb$4https://id.loc.gov/vocabulary/relators/ctb 702 $aChirazi$b Marian$4ctb$4https://id.loc.gov/vocabulary/relators/ctb 702 $aChirila$b Andreea$4ctb$4https://id.loc.gov/vocabulary/relators/ctb 702 $aCibisescu-Duran$b Eugenia$4ctb$4https://id.loc.gov/vocabulary/relators/ctb 702 $aCibisescu-Duran$b Georgiana$4ctb$4https://id.loc.gov/vocabulary/relators/ctb 702 $aCibisescu-Duran$b Iulia$4ctb$4https://id.loc.gov/vocabulary/relators/ctb 702 $aCiobotari$b C?lin$4ctb$4https://id.loc.gov/vocabulary/relators/ctb 702 $aCiobotaru$b Anca Doina$4ctb$4https://id.loc.gov/vocabulary/relators/ctb 702 $aCiobotaru$b Anca Doina$4edt$4http://id.loc.gov/vocabulary/relators/edt 702 $aCoroiu$b Petru?a-Maria$4ctb$4https://id.loc.gov/vocabulary/relators/ctb 702 $aCostea$b Maria Bianca$4ctb$4https://id.loc.gov/vocabulary/relators/ctb 702 $aCre?u$b C?t?lin$4ctb$4https://id.loc.gov/vocabulary/relators/ctb 702 $aDarie$b Andreea$4ctb$4https://id.loc.gov/vocabulary/relators/ctb 702 $aDobo?$b Cristian Ilie$4ctb$4https://id.loc.gov/vocabulary/relators/ctb 702 $aEnescu$b George$4edt$4http://id.loc.gov/vocabulary/relators/edt 702 $aGhi?ulescu$b Mariana$4ctb$4https://id.loc.gov/vocabulary/relators/ctb 702 $aIb?nescu$b Daniela-Corina$4ctb$4https://id.loc.gov/vocabulary/relators/ctb 702 $aLazar$b Andrei$4ctb$4https://id.loc.gov/vocabulary/relators/ctb 702 $aLucan$b Ivona$4ctb$4https://id.loc.gov/vocabulary/relators/ctb 702 $aLungu$b Mirela$4ctb$4https://id.loc.gov/vocabulary/relators/ctb 702 $aMonah$b Dana$4ctb$4https://id.loc.gov/vocabulary/relators/ctb 702 $aMuscalu$b Sarah$4ctb$4https://id.loc.gov/vocabulary/relators/ctb 702 $aNetedu$b Adrian$4ctb$4https://id.loc.gov/vocabulary/relators/ctb 702 $aPalade$b Lauren?iu$4ctb$4https://id.loc.gov/vocabulary/relators/ctb 702 $aPuscasu$b Alina$4ctb$4https://id.loc.gov/vocabulary/relators/ctb 702 $aRuncan$b Miruna$4ctb$4https://id.loc.gov/vocabulary/relators/ctb 702 $aSandu-Dediu$b Valentina$4ctb$4https://id.loc.gov/vocabulary/relators/ctb 702 $aSemenov$b Sorin Constantin$4ctb$4https://id.loc.gov/vocabulary/relators/ctb 702 $aSpînu$b Dan$4ctb$4https://id.loc.gov/vocabulary/relators/ctb 702 $aUlaru$b Nic$4ctb$4https://id.loc.gov/vocabulary/relators/ctb 702 $aVasiliu$b Laura Otilia$4ctb$4https://id.loc.gov/vocabulary/relators/ctb 801 0$bDE-B1597 801 1$bDE-B1597 906 $aBOOK 912 $a9910557707603321 996 $aArt and Research - Contemporary Challenges$93912497 997 $aUNINA